000
00225nam a2200097Ia 4500
008
190216s9999||||xx |||||||||||||| ||und||
100
_a
Null
245
0
_a
Hindi-Gad Ke Vivid Reng
260
_b
Abhinav Publications
942
_c
BK
999
_c
17364
_d
17364